000 00469nam a2200193Ia 4500
005 20240823032835.0
008 240823s9999||||xx |||||||||||||| ||und||
020 _a978-81-309-1873-0
041 _aENGLISH
082 _A813.52 Q1
100 _aHarolod Bloom Ed.
245 0 _aCharles Dickens s David Copperfield
250 _a1st
260 _c2011
_b"Viva Books, Privated Li"
500 _aYES
650 _aGeneral
_bGeneral
942 _cBK
999 _c194381
_d194381